| 000 | 01223cam a2200301 a 4500 | ||
|---|---|---|---|
| 001 | 2513167 | ||
| 005 | 20230704082554.0 | ||
| 008 | 920619s1991 gw b 101 0 eng | ||
| 010 | _a 92176581 | ||
| 020 | _a3789023175 | ||
| 040 |
_aDLC _cDLC _dDLC |
||
| 043 | _ae-gx--- | ||
| 050 | 0 | 0 |
_aKK4449 _b 1991 |
| 082 | 0 | 0 |
_a342.43 _a344.302 _220 _bIAC |
| 110 | 2 |
_aInternational Association of Constitutional Law. _bWorld Congress _n(3rd : _d1991 : _cWarsaw, Poland) |
|
| 245 | 1 | 0 |
_aNew challenges to the German Basic Law : _bthe German contributions to the Third World Congress of the International Association of Constitutional Law / _cChristian Starck (ed.). |
| 250 | _a1. Aufl. | ||
| 260 |
_aBaden-Baden : _bNomos, _c1991. |
||
| 300 |
_a219 p. ; _c23 cm. |
||
| 440 | 0 |
_aStudien und Materialien zur Verfassungsgerichtsbarkeit ; _vBd. 49 |
|
| 504 | _aIncludes bibliographical references and index. | ||
| 650 | 0 |
_aConstitutional law _zGermany _xCongresses. |
|
| 651 | 0 |
_aGermany _xPolitics and government _z1990- _xCongresses. |
|
| 700 | 1 | _aStarck, Christian. | |
| 906 |
_a7 _bcbc _corignew _d2 _encip _f19 _gy-gencatlg |
||
| 942 |
_2ddc _cBK |
||
| 999 |
_c3550 _d3550 |
||